| 000 | 00341nam a2200145Ia 4500 | ||
|---|---|---|---|
| 005 | 20260330112750.0 | ||
| 008 | 260330s9999||||xx |||||||||||||| ||und|| | ||
| 020 | _a9789584510341 | ||
| 041 | _aspa | ||
| 245 | 0 | _aFranklin Pide Perdon / | |
| 250 | _a21 ed. | ||
| 260 |
_aBogota : _bEditorial Norma. _c2008 |
||
| 650 | _aCUENTO | ||
| 942 | _cBKL | ||
| 999 |
_c3490 _d3490 |
||